| 000 | 00453nam a2200109Ia 4500 | ||
|---|---|---|---|
| 008 | 171212s9999 xx 000 0 und d | ||
| 020 | _a9781910634202 | ||
| 245 |
_ceditor Castán Broto, Vanessa;Ensor, Jonathan;Boyd, Emily;Allen, Charlotte;Seventine, Carlos _aParticipatory Planning for Climate Compatible Development in Maputo, Mozambique |
||
| 260 |
_bUCL Press _c2015 |
||
| 650 | _aEnvironmental Science | ||
| 856 | _uhttp://jstor.org/stable/j.ctt1g69xzm | ||
| 999 |
_c352879 _d352879 |
||